| 000 | 00730nam a22001937a 4500 | ||
|---|---|---|---|
| 005 | 20230707023518.0 | ||
| 008 | 230126b |||||||| |||| 00| 0 eng d | ||
| 020 | _a978-621-427-040-8 | ||
| 082 | _aFil. 499.21107 B311 2019 | ||
| 100 |
_aBasilan, Ma. Letecia Jose C. _eauthor |
||
| 245 |
_aFilipino sa piling larangan / _cMa. Leticia Jose C. Basilan, Ph.D., Armelyn M. Navarro, LPT |
||
| 260 |
_aManila: _bUnlimited Books Library Services & Publishing, _cc2019. |
||
| 300 |
_axii, 327p.; _bill. |
||
| 504 | _aIncludes bibliographical references | ||
| 541 | _e6859 c.1, 6860 c.2, 6861 c.3 | ||
| 650 | _aFilipino language - Study and teaching | ||
| 650 | _aFilipino language - Writing | ||
| 700 |
_aNavarro, Armelyn M. _eauthor |
||
| 999 |
_c673 _d673 |
||